Normal view
MARC view
Entry Meeting Name
001 - CONTROL NUMBER
- control field: 13828
003 - CONTROL NUMBER IDENTIFIER
- control field: OSt
005 - DATE AND TIME OF LATEST TRANSACTION
- control field: 20211105133728.0
008 - FIXED-LENGTH DATA ELEMENTS
- fixed length control field: 211105|| aca||aabn | a|a d
040 ## - CATALOGING SOURCE
- Original cataloging agency: OSt
- Transcribing agency: OSt
111 ## - HEADING--MEETING NAME
- Meeting name or jurisdiction name as entry element: Maynooth Symposium on Solar/ interplanetary intervals
- Location of meeting: Maynooth
- Date of meeting or treaty signing: 1982 Aug. 4-6
670 ## - SOURCE DATA FOUND
- Source citation: Work cat.: (OSt): Maynooth Symposium on Solar/ interplanetary intervals Maynooth 1982 Aug. 4-6, STIP Symposium on Solar/ interPlanetary intervals, 1984